| 000 | 01627cam a22004334a 4500 | ||
|---|---|---|---|
| 999 |
_c532201 _d532201 |
||
| 001 | 15180419 | ||
| 003 | NUST | ||
| 005 | 20191112132339.0 | ||
| 008 | 080214s2007 pk af 000 0 urd | ||
| 010 | _a 2007376460 | ||
| 020 | _a9799695035169 | ||
| 020 | _a9695035167 | ||
| 025 | _aP-Si-2007376460 | ||
| 038 | _aArshad | ||
| 040 |
_aDLC _cDLC _dDLC |
||
| 041 | 0 |
_aurd _apan |
|
| 042 | _alcode | ||
| 050 | 0 | 0 |
_aPK2659.V37 _bH57 2007 |
| 066 |
_c(3 _c(4 |
||
| 082 |
_a891.4213 _bVAR |
||
| 100 | 0 |
_6880-01 _aVāris̲ Shāh, _dactive 1766. _925560 |
|
| 240 | 1 | 0 |
_6880-02 _aHīr Rānjhā |
| 245 | 1 | 0 |
_6880-03 _aHīr Sayyid Vāras̲ Shāh / _ctartīb va farhang, Shahbāz Raḥmān Vārs̲ī. |
| 260 |
_6880-04 _aLāhaur : _bal-Faiṣal, _c2007. |
||
| 300 |
_a446 p., [1] leaf of plates : _bcol. ill. ; _c34 cm. |
||
| 500 | _aSufi verse. | ||
| 500 | _a"Aihah Qurān Majīd de maʻne nain̲ jaihṛe shaʻr maʼīn̲ Vāris̲ Shāh de nain̲"--Cover. | ||
| 500 | _aIncludes glossary. | ||
| 546 | _aIn Urdu and Panjabi. | ||
| 700 | 1 |
_6880-05 _aVārs̲ī, Shahbāz Raḥmān. _925561 |
|
| 880 | 0 |
_6100-01/(3/r _aوارث شاه. |
|
| 880 | 1 | 0 |
_6240-02/(3/r _aهير رانجھا |
| 880 | 1 | 0 |
_6245-03/(3/r _aهير سيّد وارث شاه / _cترتيب و فرهنگ، شهباز رحمٰن وارثى. |
| 880 |
_6260-04/(3/r _aلاهور : _bالفيصل، _c2007. |
||
| 880 | 1 |
_6700-05/(3/r _aوارثى، شهباز رحمٰن. |
|
| 906 |
_a7 _bcbc _corigode _d3 _encip _f20 _gy-nonroman |
||
| 942 |
_2ddc _cBK |
||